[Event "Druzynowe Mistrzostwa Polski - II Liga Seniorow"]
[Site "Ustron/Slaski Zwiazek Szachowy"]
[Date "2008.09.11"]
[Round "5.27"]
[White "Wojciechowski, Piotr"]
[Black "Krasiewicz, Robert"]
[Result "1-0"]
[WhiteTitle "k"]
[BlackTitle "I++"]
[WhiteElo "2247"]
[BlackElo "2136"]

1. e4 d5 2. exd5 Qxd5 3. Nc3 Qd6 4. d4 Nf6 5. Nf3 a6 6. g3 Bg4 7. Bg2 Nbd7 8.
O-O e6 9. h3 Bxf3 10. Bxf3 c6 11. Bf4 Qb4 12. a3 Qa5 13. Qd3 Be7 14. b4 Qd8 15.
Na4 Nd5 16. Bd2 b5 17. Nc5 N7b6 18. Nb7 Qd7 19. Na5 O-O 20. c4 Nxc4 21. Nxc4
bxc4 22. Qxc4 Rfb8 23. Rfc1 Rb6 24. Bg2 h6 25. Ra2 Bf6 26. Rac2 Ne7 27. Bf4 a5
28. Qc5 Rb5 29. Qd6 Rd8 30. Rxc6 axb4 31. axb4 Nxc6 32. Qxd7 Rxd7 33. Bxc6 Rbd5
34. Bxd7 Rxd7 35. Be5 Be7 36. b5 f6 37. Rc7 Rd5 38. Rxe7 fxe5 39. b6 Kf8 40.
Rc7 1-0

[Event "Druzynowe Mistrzostwa Polski - II Liga Seniorow"]
[Site "Ustron/Slaski Zwiazek Szachowy"]
[Date "2008.09.11"]
[Round "5.28"]
[White "Maciaga, Marcin"]
[Black "Gola, Karol"]
[Result "1/2-1/2"]
[WhiteTitle "k+"]
[BlackTitle "I++"]
[WhiteElo "2180"]
[BlackElo "2174"]

1. e4 c5 2. Nf3 e6 3. d4 cxd4 4. Nxd4 a6 5. Bd3 Nf6 6. O-O Qc7 7. Nc3 b5 8. Qe2
d6 9. a3 Nbd7 10. Kh1 Bb7 11. f4 Be7 12. Bd2 O-O 13. Rae1 Nc5 14. Rf3 g6 15.
Rh3 Rfe8 16. Nf3 d5 17. e5 Nfe4 18. Bxe4 Nxe4 19. Nxe4 dxe4 20. Nd4 Red8 21.
Bc3 Rd7 22. f5 Qxe5 23. fxe6 fxe6 24. Qg4 Bd5 25. Nf3 Qf5 26. Ne5 Rc7 27. Bd4
Bd6 28. c3 Bxe5 29. Qxf5 exf5 30. Bxe5 Re7 31. Bf4 Bc4 32. Rhe3 Rd7 33. R3e2
Rd3 34. Rd2 Rxd2 35. Bxd2 Rd8 36. Bg5 Rd3 37. Kg1 Kf7 38. Kf2 Ke6 39. Re3 Rd7
40. Re2 1/2-1/2

[Event "Druzynowe Mistrzostwa Polski - II Liga Seniorow"]
[Site "Ustron/Slaski Zwiazek Szachowy"]
[Date "2008.09.11"]
[Round "5.29"]
[White "Duda, Lukasz"]
[Black "Sliwinski, Marcin"]
[Result "0-1"]
[WhiteTitle "I++"]
[BlackTitle "k"]
[WhiteElo "2150"]
[BlackElo "2127"]

1. e4 c5 2. Nc3 Nc6 3. g3 g6 4. Bg2 Bg7 5. d3 Rb8 6. Be3 b5 7. Qd2 b4 8. Nd1 d6
9. f4 Nd4 10. c3 bxc3 11. bxc3 Nb5 12. a4 Nc7 13. Nf3 Nf6 14. h3 Na6 15. Nh4
Nh5 16. Bf2 Bh6 17. Bf3 Nf6 18. g4 Nd7 19. Be2 Rb3 20. Be3 e5 21. g5 exf4 22.
Bxf4 {Dalej zapisy niepoprawne} 0-1

[Event "Druzynowe Mistrzostwa Polski - II Liga Seniorow"]
[Site "Ustron/Slaski Zwiazek Szachowy"]
[Date "2008.09.11"]
[Round "5.30"]
[White "Krokay, Urszula"]
[Black "Szydlowska, Marta"]
[Result "1/2-1/2"]
[WhiteTitle "k"]
[BlackTitle "k"]
[WhiteElo "2018"]
[BlackElo "2032"]

1. e4 d5 2. exd5 Qxd5 3. Nc3 Qa5 4. Bc4 Nf6 5. h3 Bf5 6. d3 c6 7. Nge2 e6 8.
Bd2 Qc7 9. O-O Bd6 10. Nd4 Bg6 11. Qe1 O-O 12. Ne4 Be5 13. Nxf6+ Bxf6 14. Bc3
Nd7 15. Nf3 e5 16. Nd2 Nb6 17. Ne4 Nxc4 18. Nxf6+ gxf6 19. dxc4 Rfe8 20. f4
exf4 21. Qh4 Qd6 22. Bxf6 Qc5+ 23. Kh2 Qh5 24. Qxh5 1/2-1/2

[Event "Druzynowe Mistrzostwa Polski - II Liga Seniorow"]
[Site "Ustron/Slaski Zwiazek Szachowy"]
[Date "2008.09.11"]
[Round "5.31"]
[White "Murdzia, Piotr"]
[Black "Latas, Boguslaw"]
[Result "1/2-1/2"]
[WhiteTitle "IM"]
[BlackTitle "k"]
[WhiteElo "2481"]
[BlackElo "2299"]

1. e4 d5 2. exd5 Qxd5 3. Nc3 Qd6 4. d4 Nf6 5. Nf3 a6 6. Bd3 g6 7. O-O Bg7 8.
Ne4 Nxe4 9. Bxe4 O-O 10. c3 Nd7 11. Bg5 Nf6 12. Bc2 b5 13. Re1 Bb7 14. Qe2 Rae8
15. Bxf6 Bxf6 16. Be4 Bxe4 17. Qxe4 c5 18. dxc5 Qxc5 19. a4 Rb8 20. axb5 axb5
21. Ne5 1/2-1/2

[Event "Druzynowe Mistrzostwa Polski - II Liga Seniorow"]
[Site "Ustron/Slaski Zwiazek Szachowy"]
[Date "2008.09.11"]
[Round "5.32"]
[White "Kuziola, Mateusz"]
[Black "Rawski, Slawomir"]
[Result "1-0"]
[WhiteTitle "k++"]
[BlackTitle "k+"]
[WhiteElo "2309"]
[BlackElo "2210"]

1. e4 e6 2. d3 d5 3. Nd2 Nf6 4. Qe2 b6 5. e5 Nfd7 6. g3 Nc6 7. Ngf3 g5 8. h3
Ba6 9. Nb3 h6 10. Nbd4 Nxd4 11. Nxd4 Bg7 12. f4 c5 13. Nf3 Qc7 14. Bg2 O-O-O
15. O-O gxf4 16. Bxf4 Nf8 17. Nh4 Rg8 18. Qh5 Bb5 19. c4 dxc4 20. dxc4 Bxc4 21.
Rfd1 Ng6 22. Nxg6 fxg6 23. Qxg6 Bxe5 24. Qe4 Bxf4 25. Qxc4 Be3+ 26. Kh1 Bd4 27.
Qxe6+ Kb8 28. Qe4 Kc8 29. Qe6+ Kb8 30. Qe4 Kc8 31. Rd3 Rge8 32. Qg4+ Rd7 33.
Rad1 Kd8 34. b4 Qd6 35. bxc5 bxc5 36. Qf3 Re5 37. Rf1 c4 38. Qa8+ Ke7 39. Qb7
Kd8 40. Qa8+ Kc7 41. Rxd4 Qxd4 42. Qc6+ Kd8 43. Rf8+ Re8 44. Qa8+ Kc7 45. Rxe8
Qb6 46. Rc8+ Kd6 1-0

[Event "Druzynowe Mistrzostwa Polski - II Liga Seniorow"]
[Site "Ustron/Slaski Zwiazek Szachowy"]
[Date "2008.09.11"]
[Round "5.33"]
[White "Walkusz, Witoslaw"]
[Black "Kolago, Marcin"]
[Result "0-1"]
[WhiteTitle "k+"]
[BlackTitle "m"]
[WhiteElo "2151"]
[BlackElo "2340"]

1. e4 e5 2. Nf3 Nc6 3. Bb5 a6 4. Bxc6 dxc6 5. O-O Ne7 6. d4 exd4 7. Qxd4 Qxd4
8. Nxd4 c5 9. Ne2 Be6 10. Rd1 Nc6 11. Bf4 Bd6 12. Bxd6 O-O-O 13. Nbc3 cxd6 14.
Nf4 Rhe8 15. f3 b5 16. Rd2 Ne7 17. Rad1 Kc7 18. e5 dxe5 19. Nxe6+ fxe6 20. Rxd8
Rxd8 21. Rxd8 Kxd8 22. Ne4 c4 23. Nc5 Nd5 24. Nxa6 Ne3 25. Nb4 Kc7 26. b3 Kd6
27. a4 Nxc2 28. Na2 cxb3 29. Nc3 b2 30. axb5 Na3 31. Kf2 b1=Q 32. Nxb1 Nxb1 33.
Ke3 Nc3 0-1

[Event "Druzynowe Mistrzostwa Polski - II Liga Seniorow"]
[Site "Ustron/Slaski Zwiazek Szachowy"]
[Date "2008.09.11"]
[Round "5.34"]
[White "Seifert, Henryk"]
[Black "Zdrojewski, Wojciech"]
[Result "1/2-1/2"]
[WhiteTitle "FM"]
[BlackTitle "I"]
[WhiteElo "2235"]
[BlackElo "2190"]

1. e4 Nf6 2. Nc3 d5 3. e5 Ne4 4. Nxe4 dxe4 5. d4 exd3 6. Bxd3 Nc6 7. Nf3 Bg4 8.
Bf4 Qd5 9. h3 Bxf3 10. Qxf3 Qxf3 11. gxf3 Nd4 12. O-O-O O-O-O 13. Bc4 e6 14. c3
Nf5 15. Rxd8+ Kxd8 16. Bd3 Be7 17. Be4 Kc8 18. Rg1 g6 19. Bxf5 exf5 20. Bg5
Bxg5+ 21. Rxg5 Rd8 22. f4 Rd3 23. Rg3 Rd5 24. Kc2 Kd7 25. Rd3 Ke6 26. h4 b5 27.
b3 a6 28. Rh3 Rd8 29. a3 Rd7 30. Re3 a5 31. Rd3 Rd5 32. c4 bxc4 33. bxc4 Rxd3
34. Kxd3 c5 35. Ke3 f6 36. exf6 Kxf6 37. Kf3 h6 38. Kg3 a4 39. f3 Kf7 40. Kh3
1/2-1/2

[Event "Druzynowe Mistrzostwa Polski - II Liga Seniorow"]
[Site "Ustron/Slaski Zwiazek Szachowy"]
[Date "2008.09.11"]
[Round "5.35"]
[White "Lewandowski, Miroslaw"]
[Black "Milanowski, Jan"]
[Result "0-1"]
[WhiteTitle "k"]
[BlackTitle "I++"]
[WhiteElo "2130"]
[BlackElo "2080"]

1. e4 d6 2. Nc3 Nf6 3. d4 c6 4. Be2 Qc7 5. Be3 e5 6. g4 Be7 7. g5 Nfd7 8. Nf3
Nf8 9. Qd2 a6 10. a4 a5 11. h4 Na6 12. h5 Be6 13. Rg1 Nb4 14. d5 Bd7 15. Ra3
Na6 16. Rb3 Nc5 17. Bxc5 dxc5 18. Bc4 Rd8 19. Qe3 Bc8 20. Nh4 g6 21. Qf3 Bd6
22. Qf6 Rg8 23. h6 Nd7 24. Qf3 Rf8 25. Qe3 Nb6 26. Be2 Bd7 27. Nf3 Nc8 28. Nd2
f6 29. gxf6 Rxf6 30. Nc4 b6 31. Rg5 Kf8 32. Bg4 Kg8 33. dxc6 Bxc6 34. Nd5 Bxd5
35. exd5 Rdf8 36. f3 e4 37. Qxe4 Bf4 38. Be6+ Kh8 39. Rg2 Nd6 40. Qe2 Nxc4 41.
Qxc4 Bxh6 42. Qh4 Bf4 43. Kf1 c4 44. Rb5 Be3 45. Bg4 c3 46. b3 Bc5 47. Qg3 Rf4
48. Qh3 Qe5 49. Rh2 R4f7 50. Rxc5 bxc5 51. Rf2 Qxd5 52. Be6 Qd1+ 53. Kg2 Rf6
54. Bg4 Rf4 55. Qh6 Qd5 56. Kg3 Qe5 57. Kg2 Rd8 58. Qh1 Rd2 59. Qf1 Rfd4 60.
Qa6 Rxf2+ 61. Kxf2 Qh2+ 62. Ke1 Qg1+ 0-1

[Event "Druzynowe Mistrzostwa Polski - II Liga Seniorow"]
[Site "Ustron/Slaski Zwiazek Szachowy"]
[Date "2008.09.11"]
[Round "5.36"]
[White "Wesolowska, Hanna"]
[Black "Maszota, Natalia"]
[Result "0-1"]
[WhiteTitle "WFM"]
[BlackTitle "k+"]
[WhiteElo "2054"]
[BlackElo "2077"]

1. d4 c5 2. Nf3 cxd4 3. Nxd4 Nc6 4. c3 e5 5. Nxc6 bxc6 6. e4 Nf6 7. Bg5 Bc5 8.
Bxf6 Qxf6 9. Qc2 Qg6 10. Nd2 d5 11. f3 O-O 12. O-O-O f5 13. exd5 cxd5 14. Re1
Bd6 15. g3 Be6 16. Qa4 Qf7 17. Qc6 Rfd8 18. Kb1 Rac8 19. Qa4 Rb8 20. Ka1 Qb7
21. Nb3 Qc7 22. Qa5 Rb6 23. f4 Rdb8 24. fxe5 Bxe5 25. Bd3 Qd6 26. Qc5 Bf7 27.
Qxd6 Bxd6 28. Bxf5 a5 29. Bd7 a4 30. Nd4 Rxb2 31. Bxa4 Rd2 32. Bb3 Ba3 33. Nf5
Bb2+ 34. Kb1 Bxc3 35. Rd1 Rf2 36. Rdf1 Re2 37. Kc1 Bb4 38. Kd1 Rd2+ 39. Kc1
Rc8+ 40. Kb1 Bg6 41. g4 Bc3 42. Kc1 Bb4+ 43. Kb1 Ba3 44. Rd1 Rxd1+ 45. Rxd1 Bf7
46. Nd4 g5 47. Nb5 Bg6+ 48. Ka1 Be7 49. Bxd5+ Kg7 50. a4 Rc2 51. Bb3 Bf6+ 52.
Nd4 Rxh2 53. a5 h5 54. a6 hxg4 55. Bd5 Bf7 56. Bxf7 Kxf7 57. a7 Rh8 58. Ka2
Bxd4 59. Rxd4 Ra8 60. Rxg4 Rxa7+ 61. Kb3 Kf6 62. Kc3 Kf5 63. Rb4 Rd7 0-1

[Event "Druzynowe Mistrzostwa Polski - II Liga Seniorow"]
[Site "Ustron/Slaski Zwiazek Szachowy"]
[Date "2008.09.11"]
[Round "5.37"]
[White "Gralka, Julian"]
[Black "Szczechowicz, Bartosz"]
[Result "1/2-1/2"]
[WhiteTitle "FM"]
[BlackTitle "k+"]
[WhiteElo "2268"]
[BlackElo "2270"]

1. d4 Nf6 2. c4 e6 3. Nf3 Bb4+ 4. Bd2 Qe7 5. g3 Nc6 6. Nc3 Bxc3 7. Bxc3 Ne4 8.
Rc1 d6 9. Bg2 O-O 10. O-O Nxc3 11. Rxc3 e5 12. d5 Nb8 13. b4 Bg4 14. e4 a5 15.
a3 Na6 16. Qb1 Bxf3 17. Bxf3 axb4 18. axb4 c5 19. dxc6 bxc6 20. Rd1 Rab8 21.
Rb3 Rb6 22. Qd3 Rxb4 23. Rxb4 Nxb4 24. Qxd6 Qxd6 25. Rxd6 Nc2 26. Bg4 Nd4 27.
f4 f6 28. Bd7 Rd8 29. fxe5 fxe5 30. Be6+ Nxe6 31. Rxe6 Rd4 32. Rxc6 Rxe4 33.
Rc7 Re2 34. c5 h5 35. c6 Rc2 36. Re7 Rxc6 37. Rxe5 1/2-1/2

[Event "Druzynowe Mistrzostwa Polski - II Liga Seniorow"]
[Site "Ustron/Slaski Zwiazek Szachowy"]
[Date "2008.09.11"]
[Round "5.38"]
[White "Wcislo, Damian"]
[Black "Mazalon, Mariusz"]
[Result "1-0"]
[WhiteTitle "k+"]
[BlackTitle "k"]
[WhiteElo "2216"]
[BlackElo "2148"]

1. d4 g6 2. c4 Bg7 3. Nf3 d6 4. Nc3 Nd7 5. g3 Ngf6 6. Bg2 O-O 7. O-O e5 8. e4
a5 9. h3 exd4 10. Nxd4 Re8 11. Ndb5 Nc5 12. Re1 Bd7 13. f3 Bc6 14. Bg5 h6 15.
Be3 Nfd7 16. Rc1 Ne5 17. Bf1 Qb8 18. Rc2 Kh7 19. Rd2 Qc8 20. Bf2 Ned7 21. Bg2
Nb6 22. b3 Bxb5 23. Nxb5 Nbd7 24. f4 Re7 25. Qc2 Na6 26. a3 Rb8 27. Qb1 Qe8 28.
b4 axb4 29. axb4 Nf6 30. Rde2 Nd7 31. e5 dxe5 32. Ba7 f5 33. Bxb8 Qxb8 34. c5
e4 35. Rd1 c6 36. Red2 Qc8 37. Nd6 Qc7 38. Qb3 Nf6 39. Bf1 b5 40. Ra2 Nb8 41.
Ra8 h5 42. Be2 Nbd7 43. Rc8 Qa7 44. Rxc6 1-0

[Event "Druzynowe Mistrzostwa Polski - II Liga Seniorow"]
[Site "Ustron/Slaski Zwiazek Szachowy"]
[Date "2008.09.11"]
[Round "5.39"]
[White "Olszewski, Marek"]
[Black "Betkowski, Andrzej"]
[Result "1-0"]
[WhiteTitle "k+"]
[BlackTitle "k"]
[WhiteElo "2151"]
[BlackElo "2201"]

1. e4 g6 2. Nf3 Bg7 3. Nc3 d6 4. d4 a6 5. a4 b6 6. Bc4 e6 7. Bg5 Ne7 8. Qd2 h6
9. Be3 Nd7 10. O-O Bb7 11. Ne1 Nf6 12. f3 g5 13. Bb3 d5 14. e5 Nd7 15. Ne2 f6
16. exf6 Bxf6 17. Ng3 c5 18. c3 Qc7 19. Nh5 Nf5 20. g4 Ng7 21. Nxf6+ Nxf6 22.
Bf2 Qe7 23. Bc2 O-O-O 24. Nd3 Nd7 25. Bg3 h5 26. h3 hxg4 27. hxg4 Rh3 28. Kg2
Rdh8 29. Rh1 Rxh1 30. Rxh1 Rxh1 31. Kxh1 Qf6 32. Qe3 b5 33. axb5 axb5 34. Kg2
b4 35. Ba4 cxd4 36. Bxd7+ Kxd7 37. cxd4 Ke8 38. Be5 Qe7 39. Bxg7 Qxg7 40. Qxe6+
Kd8 41. Qd6+ 1-0

[Event "Druzynowe Mistrzostwa Polski - II Liga Seniorow"]
[Site "Ustron/Slaski Zwiazek Szachowy"]
[Date "2008.09.11"]
[Round "5.41"]
[White "Starzynski, Waldemar"]
[Black "Czernicki, Bogdan"]
[Result "1-0"]
[WhiteTitle "I+"]
[BlackTitle "k"]
[WhiteElo "1866"]
[BlackElo "2032"]

1. e4 e6 2. d4 d5 3. Nc3 Bb4 4. Bd3 b6 5. Nge2 a5 6. a3 Be7 7. O-O Ba6 8. exd5
exd5 9. Re1 Nf6 10. Bg5 O-O 11. Ng3 Bxd3 12. Qxd3 h6 13. Nf5 hxg5 14. Nxe7+ Kh8
15. Qh3+ Nh7 16. Re3 Qd7 17. Qh5 g4 18. h3 g3 19. fxg3 Nc6 20. Nxc6 Qxc6 21.
Qxd5 Qh6 22. Rae1 Rad8 23. Qe5 c6 24. Ne2 Nf6 25. Qf4 g5 26. Qf3 Nd5 27. Re5 f6
28. Re6 Rfe8 29. Nc3 Rxe6 30. Rxe6 Kg7 31. Nxd5 Rxd5 32. c3 Qg6 33. Kh2 Rf5 34.
Qe4 Rb5 35. Re7+ Kh6 36. b4 axb4 37. Qxc6 Rf5 38. Qa8 g4 39. Qh8+ 1-0

[Event "Druzynowe Mistrzostwa Polski - II Liga Seniorow"]
[Site "Ustron/Slaski Zwiazek Szachowy"]
[Date "2008.09.11"]
[Round "5.42"]
[White "Pokojska, Daria"]
[Black "Wesolowska, Edyta"]
[Result "1/2-1/2"]
[WhiteTitle "m"]
[BlackTitle "I++"]
[WhiteElo "2150"]
[BlackElo "1943"]

1. c4 e6 2. Nf3 d5 3. b3 Nf6 4. Bb2 c6 5. g3 Be7 6. Bg2 O-O 7. O-O b6 8. d3 Bb7
9. Nbd2 c5 10. d4 Nbd7 11. Re1 Rc8 12. Ne5 cxd4 13. Bxd4 Nxe5 14. Bxe5 Nd7 15.
Bb2 Bf6 16. Rb1 Bxb2 17. Rxb2 Nf6 18. cxd5 Nxd5 19. Nc4 Qf6 20. e4 Nc3 21. Qc2
Qd4 22. Qd2 Rfd8 23. Qxd4 Rxd4 24. e5 Bxg2 25. Kxg2 b5 26. Nd6 Rc5 27. b4 Rc7
28. Rc2 f6 29. f4 fxe5 30. fxe5 a5 31. bxa5 Ra4 32. Rec1 b4 33. Rb2 h6 34. a6
Ra7 35. Kh3 R7xa6 36. Nb7 Rb6 37. Rxc3 Rxb7 38. Rc8+ Kf7 39. Rf2+ Kg6 40. Rc6
Re7 41. Rb6 Ra5 42. Re2 Ra4 43. Rf2 Ra5 1/2-1/2

[Event "Druzynowe Mistrzostwa Polski - II Liga Seniorow"]
[Site "Ustron/Slaski Zwiazek Szachowy"]
[Date "2008.09.11"]
[Round "5.43"]
[White "Chojnacki, Slawomir"]
[Black "Walach, Marcin"]
[Result "1/2-1/2"]
[WhiteTitle "k"]
[BlackTitle "FM"]
[WhiteElo "2263"]
[BlackElo "2410"]

1. d4 Nf6 2. Nf3 e6 3. e3 b6 4. Be2 Bb7 5. O-O Be7 6. b3 O-O 7. c4 d5 8. Ba3
Ne4 9. Bxe7 Qxe7 10. cxd5 exd5 11. Qc2 c5 12. dxc5 bxc5 13. Nbd2 Nf6 14. Rac1
Nbd7 15. Rfe1 Rac8 16. Qb2 Rfd8 17. Qa3 Qd6 18. h3 Qb6 19. Rc2 Re8 1/2-1/2

[Event "Druzynowe Mistrzostwa Polski - II Liga Seniorow"]
[Site "Ustron/Slaski Zwiazek Szachowy"]
[Date "2008.09.11"]
[Round "5.44"]
[White "Kornasiewicz, Stanislaw"]
[Black "Zgadzaj, Rafal"]
[Result "1-0"]
[WhiteTitle "FM"]
[BlackTitle "k"]
[WhiteElo "2235"]
[BlackElo "2245"]

1. e4 d6 2. d4 Nf6 3. Nc3 g6 4. f3 Bg7 5. Be3 O-O 6. Qd2 Nbd7 7. O-O-O c6 8.
Bh6 b5 9. Bxg7 Kxg7 10. e5 Ng8 11. h4 Qa5 12. f4 b4 13. Nb1 Qxa2 14. Qxb4 Rb8
15. Qa3 Qxa3 16. Nxa3 Nb6 17. Nc4 Bg4 18. Rd2 Nd5 19. g3 Rfd8 20. Bh3 Nh6 21.
Bxg4 Nxg4 22. Nf3 Nde3 23. Nxe3 Nxe3 24. h5 h6 25. b3 c5 26. hxg6 fxg6 27. Re1
Nf5 28. g4 Nxd4 29. Nxd4 cxd4 30. exd6 exd6 31. Re7+ Kf8 32. Rxa7 Rb4 33. Rh2
h5 34. gxh5 gxh5 35. Rxh5 Kg8 36. Rah7 Re8 37. Rh8+ Kf7 38. R5h7+ Kg6 39. Rxe8
Kxh7 40. Kd2 Kg6 41. Kd3 Kf5 42. Re4 Rb5 43. Rxd4 d5 44. Ra4 Rc5 45. c3 Rb5 46.
b4 Rb8 47. Ra5 Rd8 48. Kd4 Kxf4 49. Rxd5 Rh8 50. b5 Rh1 1-0

[Event "Druzynowe Mistrzostwa Polski - II Liga Seniorow"]
[Site "Ustron/Slaski Zwiazek Szachowy"]
[Date "2008.09.11"]
[Round "5.45"]
[White "Najbar, Marcin"]
[Black "Michalczyk, Stanislaw"]
[Result "1-0"]
[WhiteTitle "k+"]
[BlackTitle "k"]
[WhiteElo "2230"]
[BlackElo "2094"]

1. e4 d5 2. exd5 Qxd5 3. Nc3 Qa5 4. d4 Nf6 5. Nf3 Nc6 6. Bb5 Ne4 7. Bd2 Nxc3 8.
Bxc6+ bxc6 9. Bxc3 Qd5 10. O-O Bg4 11. Re1 e6 12. Re5 Bxf3 13. Qxf3 Qxf3 14.
gxf3 Bd6 15. Ra5 Kd7 16. a4 f5 17. b4 Rhg8 18. h3 g5 19. Kf1 h5 20. Ke2 a6 21.
Rg1 Bh2 22. Rg2 Bd6 23. Bd2 Be7 24. c3 Kc8 25. Kd3 Bf6 26. Rg1 Kb7 27. Kc4 Rad8
28. b5 axb5+ 29. axb5 Rd5 30. bxc6+ Kxc6 31. Ra6+ Kd7 32. Rb1 Rd6 33. Ra7 Rc6+
34. Kd3 g4 35. fxg4 hxg4 36. hxg4 Rxg4 37. Rh1 Rh4 38. Rg1 Rh3+ 39. Ke2 Rh8 40.
Rg6 Ke7 41. Bf4 Kf7 42. Rxf6+ 1-0

[Event "Druzynowe Mistrzostwa Polski - II Liga Seniorow"]
[Site "Ustron/Slaski Zwiazek Szachowy"]
[Date "2008.09.11"]
[Round "5.46"]
[White "Zawierucha, Aleksander"]
[Black "Krzywda, Andrzej"]
[Result "1/2-1/2"]
[WhiteTitle "I++"]
[BlackTitle "I++"]
[WhiteElo "2095"]
[BlackElo "2163"]

1. d4 Nf6 2. c4 g6 3. Nc3 Bg7 4. e4 d6 5. Nf3 O-O 6. Be2 e5 7. dxe5 dxe5 8.
Qxd8 Rxd8 9. Bg5 Re8 10. Nd5 Nxd5 11. cxd5 c6 12. Bc4 cxd5 13. Bxd5 Nc6 14.
Bxc6 bxc6 15. O-O Be6 16. Rfc1 Reb8 17. b3 a5 18. Be7 Ra6 19. Bd6 Rb5 20. h3 f6
21. Rc3 Bh6 22. Ne1 Bd2 23. Rc2 Bxe1 1/2-1/2

[Event "Druzynowe Mistrzostwa Polski - II Liga Seniorow"]
[Site "Ustron/Slaski Zwiazek Szachowy"]
[Date "2008.09.11"]
[Round "5.47"]
[White "Malecki, Rafal"]
[Black "Waruga, Wojciech"]
[Result "1-0"]
[WhiteTitle ""]
[BlackTitle "I"]
[WhiteElo "2118"]
[BlackElo "2017"]

1. e4 e5 2. f4 exf4 3. Nf3 g5 4. Bc4 Bg7 5. d4 Nc6 6. c3 d6 7. O-O Qe7 8. g3 g4
9. Nh4 f3 10. b4 Bf6 11. Nf5 Bxf5 12. exf5 O-O-O 13. b5 d5 14. Re1 Qd7 15. bxc6
Qxf5 16. cxb7+ Kb8 17. Be3 dxc4 18. Qa4 Qd5 19. Na3 Ne7 20. Rab1 Bg5 21. Bxg5
Qxg5 22. Rxe7 f2+ 23. Kf1 Qxe7 24. Nb5 Qe1+ 25. Rxe1 fxe1=Q+ 26. Kxe1 Rhe8+ 27.
Kd2 Kxb7 28. Qxa7+ Kc6 29. Qc5+ Kb7 30. Qxc7+ 1-0

[Event "Druzynowe Mistrzostwa Polski - II Liga Seniorow"]
[Site "Ustron/Slaski Zwiazek Szachowy"]
[Date "2008.09.11"]
[Round "5.48"]
[White "Gonsior, Monika"]
[Black "Kupczyk, Edyta"]
[Result "0-1"]
[WhiteTitle "m"]
[BlackTitle "m"]
[WhiteElo "2131"]
[BlackElo "2110"]

1. e4 c5 2. Nf3 Nc6 3. Bb5 d6 4. d4 cxd4 5. Qxd4 Bd7 6. Bxc6 Bxc6 7. c4 Nf6 8.
Nc3 e6 9. O-O Be7 10. Rd1 O-O 11. h3 Qa5 12. Bg5 Rfd8 13. a3 h6 14. b4 Qc7 15.
Bh4 Rac8 16. Rac1 b6 17. Qe3 Qb7 18. Nd4 Be8 19. Ndb5 Qb8 20. f4 Rxc4 21. Nd4
Rdc8 22. f5 e5 23. Bxf6 Bxf6 24. Nf3 Qc7 25. Rd3 d5 26. exd5 e4 27. d6 Qb7 28.
Nd2 Bg5 29. Nxc4 Bxe3+ 30. Rxe3 Rxc4 31. Rd1 Bd7 32. Nd5 Kh7 33. Ne7 Qb8 34.
Rd5 a5 35. b5 Bxb5 36. Rxb5 Qxd6 37. Nd5 Rc5 0-1

[Event "Druzynowe Mistrzostwa Polski - II Liga Seniorow"]
[Site "Ustron/Slaski Zwiazek Szachowy"]
[Date "2008.09.11"]
[Round "5.49"]
[White "Slabek, Grzegorz"]
[Black "Bulski, Krzysztof"]
[Result "1/2-1/2"]
[WhiteTitle "k"]
[BlackTitle "FM"]
[WhiteElo "2160"]
[BlackElo "2388"]

1. d4 Nf6 2. Nf3 e6 3. e3 b6 4. Be2 Bb7 5. O-O Be7 6. c4 O-O 7. Nc3 d6 8. Qc2
c5 9. Rd1 a6 10. b3 Nbd7 11. Bb2 Rc8 12. Rac1 Rc7 13. Qb1 Qa8 14. dxc5 Nxc5 15.
Ne1 e5 16. f3 e4 17. fxe4 Ncxe4 18. Bf3 Re8 19. Nxe4 Nxe4 20. Bd4 Nc5 21. Qf5
Bf8 22. Bd5 Qc8 23. Qxc8 Rexc8 24. Bxb7 Rxb7 25. Nd3 Ne6 26. Bb2 Re8 27. Nb4 b5
28. Nd5 Rc8 29. cxb5 Rxc1 30. Rxc1 Rxb5 31. Nc7 Nxc7 32. Rxc7 Rc5 1/2-1/2

[Event "Druzynowe Mistrzostwa Polski - II Liga Seniorow"]
[Site "Ustron/Slaski Zwiazek Szachowy"]
[Date "2008.09.11"]
[Round "5.50"]
[White "Kuciel, Wladyslaw"]
[Black "Gbyl, Andrzej"]
[Result "0-1"]
[WhiteTitle "I+"]
[BlackTitle "k"]
[WhiteElo "2129"]
[BlackElo "2236"]

1. Nf3 d5 2. d4 c6 3. c4 e6 4. e3 f5 5. Nc3 Bd6 6. Be2 Nf6 7. O-O O-O 8. b3
Nbd7 9. Bb2 Qe7 10. Qc2 Ne4 11. g3 Qf6 12. Kg2 g5 13. Ng1 Qg6 14. f3 Nxc3 15.
Bxc3 Nf6 16. g4 Qh6 17. h3 Bd7 18. gxf5 exf5 19. Bd3 Rae8 20. Rae1 Nh5 21. Bd2
Ng3 22. Rf2 Qh4 23. Bc1 Nh5 24. Ree2 Re7 25. c5 Bb8 26. e4 fxe4 27. fxe4 Bxh3+
28. Nxh3 Qg3+ 29. Kf1 Qxh3+ 30. Kg1 Bh2+ 0-1

[Event "Druzynowe Mistrzostwa Polski - II Liga Seniorow"]
[Site "Ustron/Slaski Zwiazek Szachowy"]
[Date "2008.09.11"]
[Round "5.51"]
[White "Zaskalski, Arkadiusz"]
[Black "Janiszewski, Maciej"]
[Result "1-0"]
[WhiteTitle "k"]
[BlackTitle "I++"]
[WhiteElo "2217"]
[BlackElo "2072"]

1. Nf3 d5 2. c4 c6 3. b3 Nf6 4. Bb2 Bg4 5. Ne5 Bh5 6. g3 e6 7. Bg2 Bd6 8. O-O
O-O 9. d4 Nbd7 10. Nd2 Ng4 11. Nd3 f5 12. Nf3 f4 13. h3 fxg3 14. hxg4 Rxf3 15.
exf3 Qh4 16. Re1 Bxg4 17. fxg4 gxf2+ 18. Nxf2 Bh2+ 19. Kf1 Rf8 20. Re2 Nf6 21.
Ba3 Rf7 22. Rxe6 h5 23. Be7 1-0

[Event "Druzynowe Mistrzostwa Polski - II Liga Seniorow"]
[Site "Ustron/Slaski Zwiazek Szachowy"]
[Date "2008.09.11"]
[Round "5.52"]
[White "Paczkowski, Adam"]
[Black "Szromba, Krzysztof"]
[Result "0-1"]
[WhiteTitle "I"]
[BlackTitle "k"]
[WhiteElo "2030"]
[BlackElo "2186"]

1. Nf3 f5 2. d3 Nf6 3. Nbd2 d6 4. e4 e5 5. exf5 Bxf5 6. d4 e4 7. Nh4 Bd7 8. Bc4
d5 9. Bxd5 Bg4 10. f3 Nxd5 11. fxg4 Ne3 12. Qe2 Qxh4+ 13. g3 Nxc2+ 14. Kd1 Qxg4
0-1

[Event "Druzynowe Mistrzostwa Polski - II Liga Seniorow"]
[Site "Ustron/Slaski Zwiazek Szachowy"]
[Date "2008.09.11"]
[Round "5.53"]
[White "Wolak, Jacek"]
[Black "Matuszczyk, Krystian"]
[Result "1-0"]
[WhiteTitle "I"]
[BlackTitle "k"]
[WhiteElo "2093"]
[BlackElo "1992"]

1. d4 g6 2. c4 Bg7 3. Nc3 Nf6 4. e4 O-O 5. Nf3 d6 6. Be2 c6 7. O-O Nbd7 8. h3
e5 9. Be3 Re8 10. d5 c5 11. Nh2 h6 12. g4 Nf8 13. h4 Kh7 14. Kg2 a6 15. Rh1 Ng8
16. Qd3 Bd7 17. Nf1 b5 18. Ng3 bxc4 19. Qc2 Rb8 20. g5 Qb6 21. Rab1 Qb4 22. h5
Qb7 23. Qd2 Qc8 24. Rh4 Rb4 25. Rbh1 Qb7 26. Nd1 Ba4 27. hxg6+ fxg6 28. Nf5
gxf5 29. exf5 Bxd1 30. Qxd1 Rxb2 31. g6+ Nxg6 32. fxg6+ Kxg6 33. Bh5+ Kf6 34.
Qf3+ Ke7 35. Qf7+ Kd8 36. Qxe8+ Kc7 37. Qxg8 Kb6 38. Qd8+ Kb5 39. Be8+ Kb4 40.
Bd2+ 1-0

[Event "Druzynowe Mistrzostwa Polski - II Liga Seniorow"]
[Site "Ustron/Slaski Zwiazek Szachowy"]
[Date "2008.09.11"]
[Round "5.54"]
[White "Tekielak, Izabela"]
[Black "Kaminska, Paulina"]
[Result "1-0"]
[WhiteTitle "m"]
[BlackTitle "k"]
[WhiteElo "2091"]
[BlackElo "1919"]

1. e4 e5 2. Nf3 Nc6 3. Bb5 a6 4. Ba4 Nf6 5. O-O b5 6. Bb3 Be7 7. Re1 d6 8. h3
O-O 9. c3 Nb8 10. d4 Nbd7 11. Nbd2 Bb7 12. Bc2 Re8 13. Nf1 Bf8 14. Ng3 g6 15.
a4 h6 16. Qd3 d5 17. exd5 exd4 18. Rxe8 Qxe8 19. Nxd4 bxa4 20. c4 Nc5 21. Qf1
c6 22. Nxc6 Bxc6 23. dxc6 Qxc6 24. Be3 Nfd7 25. Qd1 Nb6 26. Rc1 Rc8 27. Qg4 Re8
28. Nf5 h5 29. Qg5 Ne4 30. Nh6+ Bxh6 31. Qxh6 Nd7 32. Bd4 Nef6 33. Qg5 Re6 34.
Bc3 Qc5 35. Qf4 Qd6 36. Qxd6 Rxd6 37. Bxa4 Rb6 38. Rd1 Rb7 39. Rd6 1-0